Подземные воды аллювиальных отложений долины р. Томи в Кузбассе и перспективы их использования для водоснабжения: диссертация на соискание ученой степени кандидата геолого-минералогических наук

Bibliographic Details
Main Author: Акуленко Ю. Н.
Corporate Author: Новочеркасский политехнический институт им. Серго Орджоникидзе (НПИ)
Other Authors: Токарев Н. С. (научный руководитель)
Language:Russian
Published: Новокузнецк, 1969
Subjects:
Format: Book
KOHA link:https://koha.lib.tpu.ru/cgi-bin/koha/opac-detail.pl?biblionumber=134876

MARC

LEADER 00000nbm0a2200000 4500
001 134876
005 20231031135856.0
035 |a (RuTPU)RU\TPU\book\146187 
090 |a 134876 
100 |a 20080404j1969 k y0rusy50 ca 
101 0 |a rus 
102 |a RU 
105 |a a m 001zy 
200 1 |a Подземные воды аллювиальных отложений долины р. Томи в Кузбассе и перспективы их использования для водоснабжения  |e диссертация на соискание ученой степени кандидата геолого-минералогических наук  |f Ю. Н. Акуленко  |g Новочеркасский политехнический институт им. Серго Орджоникидзе (НПИ) ; науч. рук. Н. С. Токарев 
210 |d 1969  |a Новокузнецк 
215 |a 277 л.  |c ил. 
320 |a Библиогр.: с. 243-277. 
610 1 |a гидрогеология 
610 1 |a подземные воды 
610 1 |a аллювиальные отложения 
610 1 |a Томь 
610 1 |a Кузбасс 
610 1 |a использование 
610 1 |a водоснабжение 
610 1 |a диссертации 
675 |a 551.49  |v 3 
675 |a 628.1  |v 3 
700 1 |a Акуленко  |b Ю. Н. 
702 1 |a Токарев  |b Н. С.  |4 727 
712 0 2 |a Новочеркасский политехнический институт им. Серго Орджоникидзе (НПИ)  |c (1948-1993)  |2 stltpush  |3 (RuTPU)RU\TPU\col\227 
801 1 |a RU  |b 63413507  |c 20080404  |g PSBO 
801 2 |a RU  |b 63413507  |c 20080922  |g PSBO 
942 |c BK